00693nam a22002057a 4500008004100000010001400041020002300055035001300078037001500091040001800106082001200124100002500136245009400161260004100255270006800296300002500364500005100389651002100440651002600461081114t xxu||||| |||| 00| 0 eng d aENG-91601 a8188632805c400.00 aEN-75134 bDBAD / PUB adplbEnglish  a920.054 aSengar, Shailendra  aEncyclopaedia of great Indian personalities:cby Shailendra Sengar bhistorical persons / aDelhi bPushpanjali Prakashan c2008 aL-46, Street No. 5, Shivaji Marg, Kartar Nagar bDelhi e110053 avi, 294p.c22cm (Hb) aIncludes bibliographical references and index  aIndiavBiography aSouth AsiavBiography